Представление документа в формате RUSMARC

ПолеНазваниеЗначение
  Тип записи a
  Библиографический уровень m
001 Контрольный номер UONB/MAIN/3f911cf381994a04b68f9a50c97ebf1c
005 Дата корректировки 20260427132935.7
010 Индекс ISBN __
d Цена 1 р. 40 к.
9 Тираж 21000 экз.
100 Данные общей обработки __
a Данные общей обработки 20240918d1977 u y0rusy0189 ca
101 Язык документа 0_
a Язык текста rus
102 Страна публикации __
a Страна публикации RU
105 Кодированные данные (монография) __
a Кодированные данные (монография) a j 000yy
200 Заглавие и сведения об ответственности 1_
a Заглавие Основы теории автоматических систем
f Первые сведения об ответственности Я. З. Цыпкин
e Сведения, относящиеся к заглавию учебное пособие для вузов
203 Вид содержания и тип средства __
a Вид содержания Текст
b Характеристика содержания визуальный
c Тип средства непосредственный
210 Выходные данные 1_
a Место издания Москва
c Издательство Наука
d Дата издания 1977
215 Физическое описание __
a Объем 559 с.
c Иллюстрации/тип воспроизводства ил.
d Формат 22 см
320 Библиография __
a Библиография Библиогр.: с. 542-547
320 Библиография __
a Библиография Предм. указ.: с. 548-553
606 Тематические рубрики 0_
a Основная рубрика Автоматические системы управления
j Формальный подзаголовок Учебники и пособия
610 Ключевые слова 0_
a Ключевые слова автоматические системы управления; системы управления; автоматические системы
675 Индекс УДК __
a Индекс УДК 6П2.154.25-01
686 Индексы других классификаций __
a Классификационный индекс 32.96
2 Код системы rubbk
700 Автор _1
a Фамилия Цыпкин
b Имя (инициалы) Я. З.
g Полное личное имя Яков Залманович
f Даты 1919-1997
801 Источник записи _0
a Страна RU
b Организация Ульяновская ОНБ
c Дата составления 20240918
g Правила каталогизации RCR
801 Источник записи _1
a Страна RU
b Организация Ульяновская ОНБ
c Дата составления 20240918
g Правила каталогизации RCR
901 Тип документа __
t Тип документа m
909 Создатель записи __
a Создатель записи Горбункова
b Дата создания записи 20240918